Identifying diseases of vegetables

Guardat en:
Dades bibliogràfiques
Autors principals: MacNab, Alan A. (autor), Sherf, A. F (Autor), Springer, J. K (Autor)
Format: Llibre
Idioma:anglès
Publicat: University Park University Park 1994
Matèries:
Etiquetes: Afegir etiqueta
Sense etiquetes, Sigues el primer a etiquetar aquest registre!

MARC

LEADER 00000nam a2200000 a 4500
001 UCO4473
003 CL-VaPUC
008 000804e19940000us |||||||||||||||||eng|d
082 0 4 |a 581.2  |b MAC  |2 21 
100 |a MacNab, Alan A.  |e autor  |9 449022 
700 0 |a Sherf, A. F  |e author  |9 449023 
700 0 |a Springer, J. K  |e author  |9 449024 
245 1 0 |a Identifying diseases of vegetables 
300 |a 61 p 
942 |c BK 
945 |d 20000804 00:00:00  |a vberengu 
260 |a University Park  |b University Park  |c 1994 
650 0 |a Control de plagas  |9 327373 
650 0 |a Enfermedades de las plantas  |9 259687 
650 7 |a ENFERMEDADES FUNGOSAS  |2 CL-VaPUC  |9 340452 
650 0 |a Fitopatología   |9 340456 
650 0 |a Patología vegetal  |9 325426 
650 0 |a Virus vegetales  |9 358382 
583 |a last modification  |c 20171221 04:49:39  |k Rodrigo Vera 
999 |c 290514  |d 290512